LEADER 00870nam0-2200313---450- 001 990009837010403321 005 20140313111919.0 035 $a000983701 035 $aFED01000983701 035 $a(Aleph)000983701FED01 035 $a000983701 100 $a20140313d1978----km-y0itay50------ba 101 0 $aita 102 $aIT 105 $a--------001yy 200 1 $aTeorie del cinema$edal dopoguerra ad oggi$fFrancesco Casetti 210 $aFarigliano$cMilanostampa$d1978 215 $a167 p.$d18 cm 225 1 $aEspresso strumenti$v3 610 0 $aCinematografo$a1945 - 1978$aTeoria 676 $a791.4301$v22$zita 700 1$aCasetti,$bFrancesco$f<1947- >$0144341 801 0$aIT$bUNINA$gRICA$2UNIMARC 901 $aBK 912 $a990009837010403321 952 $aDIC CAS 6$fBFS 959 $aBFS 996 $aTeorie del cinema$9551221 997 $aUNINA LEADER 01786cam0-2200541---450- 001 990000070740203316 005 20090731083724.0 010 $a88-217-1274-5 035 $a0007074 035 $aUSA010007074 035 $a(ALEPH)000007074USA01 035 $a0007074 100 $a20000914f19901999|||y0itay0103----ba 101 0 $aita 102 $ait 105 $a||||||||001yy 200 0 $a<> flessibilitą del lavoro$ela raccolta completa del corso$epart time e job sharing, lavoro a tempo determinato... 210 $aMilano$cIPSOA Scuola d'impresa$d[199-?] 215 $a1 v.$d30 cm 225 $aDiritto & pratica del lavoro$iI corsi 300 $aTit. della cop. - Paginazione varia 410 0$a12001$aDiritto & pratica del lavoro$iI corsi 610 $aContratti di lavoro a termine Guide pratiche 610 $aLavoro a tempo parziale Guide pratiche 676 $a344.4501125 801 $aIT$bSALBC$gISBD 912 $a990000070740203316 951 $aXXV.2.C 176 (IG III 819)$b25085 G.$cXXV.2.C 176 (IG III)$d00002288 959 $aBK 979 $c20000914$lUSA01$h1732 979 $c20000919$lUSA01$h1047 979 $c20000919$lUSA01$h1521 979 $c20001019$lUSA01$h1055 979 $c20001019$lUSA01$h1453 979 $c20001019$lUSA01$h1500 979 $c20001019$lUSA01$h1538 979 $c20001024$lUSA01$h1514 979 $c20001027$lUSA01$h1518 979 $c20001027$lUSA01$h1523 979 $c20001110$lUSA01$h1709 979 $c20001124$lUSA01$h1207 979 $c20020403$lUSA01$h1614 979 $aPATRY$b90$c20040406$lUSA01$h1606 979 $aRSIAV5$b90$c20090731$lUSA01$h0837 979 $aPATRY$b90$c20121106$lUSA01$h1535 996 $aFlessibilitą del lavoro$9260385 997 $aUNISA bas $agiu